00510nam a22001697a 450000500170000001000150001702000260003203500130005803700130007108200150008410000180009924500560011726000300017327000640020330000230026750000500029020150623112647.0 aENG-112888 c995.00a9789382532101 aEN-96420 bDBAD/PUB a361.320954 aRathod, Sudam aSkill traning for social workers /cby Sudam Rathod aJaipurbYKing Booksc2013 a18, Jain Bhawan, Opp. N.B.C., Shanti Nagar bJaipure302006 avi,256p.c23cm(Hb) aIncludes bibliographical references and index